00856nam a2200253 a 450000100080000000500110000800800410001902000160006010000180007624500480009426000350014230000110017750000560018852001310024465000200037565000310039565300230042665300280044965300360047765300300051365300220054370000200056570000170058519585232017-04-28 2008 bl uuuu 00u1 u #d a856024921-41 aCOELHO, A. B. aRecursos naturais e crescimento econômico. aViçosa, MG: Os Editoresc2008 a598 p. aColeção Eliseu Alves: Biblioteca da Embrapa Sede. aInclui trabalhos apresentados no XX Seminário Internacional de Política Econômica, 15 e 16 de outubro de 2008, Viçosa, MG. aBiocombustível aDesenvolvimento Econômico aAquecimento global aComércio internacional aMeio ambiente e desenvolvimento aPreservação de floresta aRecursos naturais1 aTEIXEIRA, E. C.1 aBRAGA, M. J.